1401 1980 1664 1987 1834 1056 1064 1912 1206 1390 1653 1817 1802 1112 1415 1051 1071 1020 1715 1432 1827 1686 1677 1172 1145 1738 1459 1385 1837 1602 1682 1068 1686 1488 1096 1949 1409 1815 1232 1969 1549 1176 1260 1269 1059 1349 1526 1494 1506 1612 1902 1525 1194 1395 1327 1804 1070 1885 1543 1428 1025 1342 1195 1764 1818 1303 1936 1029 1168 1556 1789 1371 1341 1190 1410 1485 1396 1988 1664 1292 1126 1200 1423 1191 1655 1086 1107 1302 1713 1331 1110 1558 1643 1097 1297 1788 1985 1484 1217 BCNSPRNW ULIB Ver.6.0+V

เปลี่ยนเป็นภาษาไทย

Change to English
 แสดงรายละเอียดบรรณานุกรม
  กลับหน้าหลัก

Brief Record : Get Marc (ISO 2709) : E-mail record : QR code < ปิดหน้าต่าง
LEADER : 00000nam 2200000uu 4500
001    13399113566
003     ULIB
008    111128s2552||||th 000 0 tha d
020    ^a9786117059049
090    ^aนว.^bร191ฟ 2552
100 0  ^aร้อยเรียงฝัน
245 00 ^aไฟเสน่หา/^cร้อยเรียงฝัน
250    ^aพิมพ์ครั้งที่ 2
260    ^aกรุงเทพฯ :^bivy,^c2552
300    ^a413 หน้า
710 1  ^aivy
945    ^p270^l0^i16418
995    ^aกัณชพร
999    ^aใช้งานได้ทุกระบบ
รายการนี้ยังไม่มีแท็ก
คุณยังไม่ได้ล็อกอิน คุณสามารถมีกิจกรรมร่วมกับเว็บไซต์ได้ แต่ต้องล็อกอินก่อน ::
  ล็อกอิน

รายการสื่อสารสนเทศ

ลำดับที่ ประเภท เลขเรียก/บาร์โค้ด สถานที่ สถานะ
1. นวนิยาย
นวนิยาย
นว. ร191ฟ 2552  
  Barcode: 16418
ห้องสมุดวิทยาเขตสวรรค์ประชารักษ์
►นวนิยาย
บนชั้น
  ขอยืม

BibComment


ยังไม่เคยถูกคอมเมนท์

คอมเมนท์ทรัพยากรรายการนี้
  คอมเมนท์: ไฟเสน่หา ร้อยเรี..


 Copyright 2026. Bcnsprnw @Library